Política y sociedad entre dos épocas
Đã lưu trong:
| Tác giả chính: | |
|---|---|
| Định dạng: | Texto |
| Được phát hành: |
Buenos Aires:
HomoSapiens Ediciones
|
| Những chủ đề: | |
| Các nhãn: |
Thêm thẻ
Không có thẻ, Là người đầu tiên thẻ bản ghi này!
|
MARC
| LEADER | 00000 a a2200000 04500 | ||
|---|---|---|---|
| 001 | 31149 | ||
| 003 | |||
| 040 | |||
| 020 | |a 950-808-292-5 | ||
| 090 | |a 197704 | ||
| 100 | |a Garretón, Miguel Antonio | ||
| 245 | |a Política y sociedad entre dos épocas | ||
| 260 | |a Buenos Aires: |b HomoSapiens Ediciones | ||
| 300 | |a 147 p. | ||
| 500 | |a Se muestra que con la nueva organización de las sociedades, inmersas en los mercados transnacionales, el papel de Estado se ha visto debilitado en cuanto a agente de desarrollo, asimismo quiénes tienen intereses ante él como es el caso de los partidos | ||
| 650 | |a PARTIDOS POLITICOS | ||
| 650 | |a INTEGRACION SOCIAL | ||
| 650 | |a INTEGRACION ECONOMICA | ||
| 650 | |a SOCIEDAD CIVIL | ||
| 650 | |a DEMOCRATIZACION | ||
| 650 | |a CULTURA POLITICA | ||
| 999 | |c 8577 |d 8577 | ||



